000 00675cam a22002417a 4500
999 _c330627
_d330627
001 14528353
003 NUST
005 20170726125002.0
008 060831s2005 pk 000 p urd
010 _a 2006333203
025 _aP-U-2006333203; 10; 11
040 _aDLC
_cDLC
_dDLC
042 _alcode
050 0 0 _aMLCMA 2006/00586 (P)
082 _a891.4391
_bBEL
100 1 _aBelā, Abdāl.
_92049
245 1 0 _aLab bastah /
_cAbdāl Belā.
260 _aLāhore :
_bFeroz Sanz Limīṭiḍ,
_c2005.
300 _a248 p. ;
_c23 cm.
500 _aPoems.
546 _aIn Urdu.
650 _aUrdu Literature
_vPoetry
_93519
880 _6100-01\(3\r
_aابدال بیلا
880 _6245-02\(3\r
_aلب بستہ
_cابدال بیلا
880 _6260-03\(3\r
_aلاہور:
_bفیروز سنز،
_c2005
906 _a7
_bibc
_corigode
_d4
_encip
_f20
_gy-gencatlg
942 _2ddc
_cBK